| 000 | 00526pab a2200193 454500 | ||
|---|---|---|---|
| 008 | 180718b2017 xxu||||| |||| 00| 0 eng d | ||
| 100 | _aThakar, Mukesh Kumar | ||
| 245 | _aIllegal trade of medicinal plants approaching wildlife forensics: Indian scenario | ||
| 260 | _c2017 | ||
| 300 | _ap.130-139. | ||
| 362 | _aJan-Mar | ||
| 520 | _a | ||
| 650 | _aSmuggling | ||
| 650 | _aMedicinal plants | ||
| 700 | _aSahajpal, Vivek | ||
| 700 | _aSharma, Tina | ||
| 773 | _aIndian Police Journal | ||
| 909 | _a116342 | ||
| 999 |
_c116336 _d116336 |
||